Рождественская открытка (Запись № 11268981)
[ простой вид ]
| 000 -МАРКЕР | |
|---|---|
| контрольное поле | 02503nam0a2200421 4500 |
| 001 - ИДЕНТИФИКАТОР ЗАПИСИ | |
| контрольное поле | RU\NLR\BIBL_A\011355392 |
| 005 - ИДЕНТИФИКАТОР ВЕРСИИ | |
| контрольное поле | 20260504062735.0 |
| 010 ## - МЕЖДУНАРОДНЫЙ СТАНДАРТНЫЙ НОМЕР КНИГИ (ISBN) | |
| Номер (ISBN) | 9785432700414 |
| Тираж | 1000 |
| 021 ## - НОМЕР ГОСУДАРСТВЕННОЙ РЕГИСТРАЦИИ | |
| Код страны | Российская Федерация |
| Номер | 2017-582и |
| Номер Листа государственной регистраци | 46и |
| 035 ## - ДРУГИЕ СИСТЕМНЫЕ НОМЕРА | |
| Идентификатор записи | (RuMoRGB)008826810 |
| 035 ## - ДРУГИЕ СИСТЕМНЫЕ НОМЕРА | |
| Идентификатор записи | (NLR Aleph) 011355392 |
| 100 ## - ДАННЫЕ ОБЩЕЙ ОБРАБОТКИ | |
| Данные общей обработки | 20170329d2016 u y0rusy50 ca |
| 101 0# - ЯЗЫК РЕСУРСА | |
| Язык текста, звукозаписи и т.д. | русский |
| 102 ## - СТРАНА ПУБЛИКАЦИИ ИЛИ ПРОИЗВОДСТВА | |
| Страна публикации | Российская Федерация |
| 105 ## - ПОЛЕ КОДИРОВАННЫХ ДАННЫХ: ТЕКСТОВЫЕ МАТЕРИАЛЫ, МОНОГРАФИЧЕСКИЕ | |
| Кодированные данные о монографическом текстовом документе | ach|zzzz0|1zy |
| 200 1# - ЗАГЛАВИЕ И СВЕДЕНИЯ ОБ ОТВЕТСТВЕННОСТИ | |
| Основное заглавие | Рождественская открытка |
| Сведения, относящиеся к заглавию | альбом-каталог |
| Первые сведения об ответственности | Комитет по культуре Санкт-Петербурга, Государственный музей истории Санкт-Петербурга |
| Последующие сведения об ответственности | [авт.-сост.: В. А. Деянова, И. А. Карпенко |
| -- | авт. ст.: И. А. Карпенко] |
| 210 ## - ПУБЛИКАЦИЯ, РАСПРОСТРАНЕНИЕ И ДР. | |
| Место издания, распространения и т.д. | Санкт-Петербург |
| Имя издателя, распространителя и т. д. | ГМИ СПб |
| Дата издания, распространения и т.д. | 2016 |
| 215 ## - ФИЗИЧЕСКАЯ ХАРАКТЕРИСТИКА | |
| Специфическое обозначение материала и объем | 191 с. |
| Другие сведения о физической характеристике | ил., цв. ил., портр., факс. |
| Размеры | 26 |
| 225 1# - СЕРИЯ | |
| Основное заглавие серии | Почтовая открытка из собрания Государственного музея истории Санкт-Петербурга |
| Сведения, относящиеся к заглавию | серия каталогов |
| 320 ## - ПРИМЕЧАНИЯ О НАЛИЧИИ В ДОКУМЕНТЕ БИБЛИОГРАФИИ / УКАЗАТЕЛЯ | |
| Текст примечания | Библиогр. в подстроч. примеч. |
| 601 02 - НАИМЕНОВАНИЕ ОРГАНИЗАЦИИ КАК ПРЕДМЕТ | |
| Начальный элемент ввода | Государственный музей истории Санкт-Петербурга |
| Формальный подзаголовок | Альбомы |
| Тематический подзаголовок | Коллекция изобразительного искусства |
| Системный номер авторитетной/нормативной записи | 2474319 |
| Идентификатор авторитетной/нормативной записи | RU\NLR\AUTH\661469288 |
| 606 1# - НАИМЕНОВАНИЕ ТЕМЫ КАК ПРЕДМЕТ | |
| Наименование темы | Почтовые открытки маркированные художественные |
| Формальный подзаголовок | Альбомы |
| Хронологический подзаголовок | 1900 - 1910-ые гг. |
| Системный номер авторитетной/нормативной записи | 2321724 |
| Идентификатор авторитетной/нормативной записи | RU\NLR\AUTH\6601613738 |
| 606 1# - НАИМЕНОВАНИЕ ТЕМЫ КАК ПРЕДМЕТ | |
| Наименование темы | Рождество Христово, праздник |
| Формальный подзаголовок | Альбомы |
| Тематический подзаголовок | Изображение на почтовых открытках маркированных художественных |
| Системный номер авторитетной/нормативной записи | 2321867 |
| Идентификатор авторитетной/нормативной записи | RU\NLR\AUTH\6601613806 |
| 610 0# - НЕКОНТРОЛИРУЕМЫЕ ПРЕДМЕТНЫЕ ТЕРМИНЫ | |
| Предметный термин | Рождество |
| 610 0# - НЕКОНТРОЛИРУЕМЫЕ ПРЕДМЕТНЫЕ ТЕРМИНЫ | |
| Предметный термин | праздник |
| 686 ## - ИНДЕКСЫ ДРУГИХ КЛАССИФИКАЦИЙ | |
| Индекс | Щ158.9открытки3(0)6-399л61 |
| Код системы | |
| 686 1# - ИНДЕКСЫ ДРУГИХ КЛАССИФИКАЦИЙ | |
| Индекс | Щ101.3(2Р)-2Санкт-Петербург2Музей истории Санкт-Петербурга я61 |
| 686 1# - ИНДЕКСЫ ДРУГИХ КЛАССИФИКАЦИЙ | |
| Индекс | Щ153(0)5-489 я61 |
| 686 1# - ИНДЕКСЫ ДРУГИХ КЛАССИФИКАЦИЙ | |
| Индекс | Щ153(0)-3я61 |
| 702 #1 - ИМЯ ЛИЦА - ВТОРИЧНАЯ ОТВЕТСТВЕННОСТЬ | |
| Начальный элемент ввода | Деянова |
| Часть имени, кроме начального элемента ввода | В. А. |
| Код отношения | Составитель |
| 712 02 - НАИМЕНОВАНИЕ ОРГАНИЗАЦИИ - ВТОРИЧНАЯ ОТВЕТСТВЕННОСТЬ | |
| Код отношения | Прочие |
| Начальный элемент ввода | Государственный музей истории Санкт-Петербурга |
| Идентификатор авторитетной/нормативной записи | RU\NLR\AUTH\8810043832 |
| Системный номер авторитетной/нормативной записи | 587121 |
| 942 ## - ДОПОЛНИТЕЛЬНЫЕ ЭЛЕМЕНТЫ ЗАПИСИ (АБИС) | |
| Тип экземпляра АБИС | Книга |
| 980 ## - КОЛЛЕКЦИЯ | |
| Название коллекции | НБР |
Нет доступных экземпляров.